Формирование спекл-полей при взаимодействии света с диффузными объектами; Прогрессивные технологии и экономика в машиностроении; Т. 1

מידע ביבליוגרפי
Parent link:Прогрессивные технологии и экономика в машиностроении: труды II Всероссийской научно-практической конференции, 29-30 апреля 2004 года, Юрга/ Томский политехнический университет; Прогрессивные технологии и экономика в машиностроении; под ред. О. Ю. Ретюнского.— , 2004
Т. 1.— 2004.— С. 101-103
מחבר ראשי: Корчуганова М. А. Марина Анатольевна
מחברים אחרים: Маслова Е. А., Нестерова Е. В.
שפה:רוסית
יצא לאור: 2004
נושאים:
פורמט: MixedMaterials Book Chapter
KOHA link:https://koha.lib.tpu.ru/cgi-bin/koha/opac-detail.pl?biblionumber=215081

MARC

LEADER 00000naa2a2200000 4500
001 215081
005 20231101225937.0
035 |a (RuTPU)RU\TPU\book\234977 
090 |a 215081 
100 |a 20120503d2004 k y0rusy50 ca 
101 0 |a rus 
102 |a RU 
200 1 |a Формирование спекл-полей при взаимодействии света с диффузными объектами  |f М. А. Корчуганова, Е. А. Маслова, Е. В. Нестерова 
461 0 |0 (RuTPU)RU\TPU\book\119005  |t Прогрессивные технологии и экономика в машиностроении  |o труды II Всероссийской научно-практической конференции, 29-30 апреля 2004 года, Юрга  |f Томский политехнический университет; Прогрессивные технологии и экономика в машиностроении; под ред. О. Ю. Ретюнского  |d 2004 
463 0 |0 (RuTPU)RU\TPU\book\118383  |t Т. 1  |v С. 101-103  |d 2004  |p 200 с. 
610 1 |a свет 
610 1 |a взаимодействия 
610 1 |a диффузия 
610 1 |a спекловые поля 
610 1 |a труды учёных ТПУ 
700 1 |a Корчуганова  |b М. А.  |c специалист в области информатики и вычислительной техники  |c доцент Юргинского технологического института (филиала) Томского политехнического университета  |f 1972-  |g Марина Анатольевна  |2 stltpush  |3 (RuTPU)RU\TPU\pers\24295  |9 10760 
701 1 |a Маслова  |b Е. А. 
701 1 |a Нестерова  |b Е. В. 
801 1 |a RU  |b 63413507  |c 20120503 
801 2 |a RU  |b 63413507  |c 20170417  |g RCR 
942 |c BK